[Event "DEM U12w 2023"]
[Site "Willingen GER"]
[Date "2023.05.29"]
[Round "3"]
[White "Wagner, Cosima Thien-An"]
[Black "Xiao, Yiyi"]
[Result "1-0"]
[Termination "normal"]
[Board "1"]
[WhiteElo "1565"]
[BlackElo "1267"]
[WhiteClock "00:19:36"]
[BlackClock "00:16:40"]
[PlyCount "83"]
[WhiteFideId "34603484"]
[BlackFideId "34605665"]
[EventCountry "GER"]
[EventRounds "9"]
[EventType "swiss"]
[EventDate "2023.05.27"]

1. e4 {[%clk 01:30:59]} {[%emt 17:17:27]} e5 {[%clk 01:30:52]} {[%emt
00:00:08]} 2. Nf3 {[%clk 01:31:26]} {[%emt 00:00:03]} Nc6 {[%clk 01:31:14]}
{[%emt 00:00:07]} 3. Bc4 {[%clk 01:31:52]} {[%emt 00:00:05]} Nf6 {[%clk
01:31:36]} {[%emt 00:00:08]} 4. d3 {[%clk 01:32:16]} {[%emt 00:00:06]} d5
{[%clk 01:31:39]} {[%emt 00:00:27]} 5. exd5 {[%clk 01:28:47]} {[%emt 00:03:59]}
Nxd5 {[%clk 01:31:37]} {[%emt 00:00:32]} 6. O-O {[%clk 01:26:04]} {[%emt
00:03:14]} Bc5 {[%clk 01:30:37]} {[%emt 00:01:30]} 7. Re1 {[%clk 01:23:57]}
{[%emt 00:02:36]} O-O {[%clk 01:28:45]} {[%emt 00:02:22]} 8. Bg5 {[%clk
01:11:58]} {[%emt 00:12:29]} f6 {[%clk 01:26:46]} {[%emt 00:02:28]} 9. Bh4
{[%clk 01:12:10]} {[%emt 00:00:19]} Bg4 {[%clk 01:24:27]} {[%emt 00:02:50]} 10.
Nc3 {[%clk 01:10:06]} {[%emt 00:02:33]} Nce7 {[%clk 01:24:30]} {[%emt
00:00:27]} 11. h3 {[%clk 01:07:45]} {[%emt 00:02:52]} Bh5 {[%clk 01:24:42]}
{[%emt 00:00:17]} 12. Nxd5 {[%clk 01:05:14]} {[%emt 00:03:01]} Nxd5 {[%clk
01:24:04]} {[%emt 00:01:08]} 13. Rxe5 {[%clk 00:57:37]} {[%emt 00:08:06]} Bf7
{[%clk 01:20:50]} {[%emt 00:03:45]} 14. d4 {[%clk 00:52:42]} {[%emt 00:05:25]}
g5 {[%clk 01:02:23]} {[%emt 00:18:57]} 15. dxc5 {[%clk 00:43:52]} {[%emt
00:09:21]} fxe5 {[%clk 01:00:26]} {[%emt 00:02:27]} 16. Bxg5 {[%clk 00:40:45]}
{[%emt 00:03:35]} Qd7 {[%clk 00:34:00]} {[%emt 00:26:57]} 17. Nxe5 {[%clk
00:37:14]} {[%emt 00:04:01]} Qf5 {[%emt 00:07:04]} 18. Nxf7 {[%clk 00:31:06]}
{[%emt 00:06:35]} Rxf7 {[%clk 00:19:11]} {[%emt 00:08:48]} 19. Bxd5 {[%clk
00:27:48]} {[%emt 00:03:48]} Qxg5 {[%clk 00:18:42]} {[%emt 00:00:58]} 20. Bxf7+
{[%clk 00:27:56]} {[%emt 00:00:23]} Kxf7 {[%clk 00:19:02]} {[%emt 00:00:09]}
21. Qf3+ {[%clk 00:27:57]} {[%emt 00:00:30]} Kg6 {[%clk 00:18:27]} {[%emt
00:01:04]} 22. Qxb7 {[%clk 00:25:26]} {[%emt 00:03:01]} Rg8 {[%clk 00:18:38]}
{[%emt 00:00:18]} 23. Qc6+ {[%clk 00:24:18]} {[%emt 00:01:40]} Kh5 {[%clk
00:17:56]} {[%emt 00:01:10]} 24. g4+ {[%clk 00:23:05]} {[%emt 00:01:44]} Kh4
{[%clk 00:18:15]} {[%emt 00:00:11]} 25. Qxc7 {[%clk 00:22:04]} {[%emt
00:01:32]} Qg6 {[%clk 00:16:34]} {[%emt 00:02:11]} 26. Qg3+ {[%clk 00:20:52]}
{[%emt 00:01:41]} Kg5 {[%clk 00:16:48]} {[%emt 00:00:17]} 27. f4+ {[%clk
00:19:56]} {[%emt 00:01:25]} Kh6 {[%clk 00:16:28]} {[%emt 00:00:51]} 28. Qh4+
{[%clk 00:18:25]} {[%emt 00:02:01]} Kg7 {[%clk 00:14:35]} {[%emt 00:02:23]} 29.
Qe7+ {[%clk 00:18:13]} {[%emt 00:00:42]} Kh8 {[%clk 00:14:13]} {[%emt
00:00:51]} 30. Qe5+ {[%clk 00:17:21]} {[%emt 00:01:22]} Rg7 {[%clk 00:14:30]}
{[%emt 00:00:14]} 31. Rd1 {[%clk 00:17:29]} {[%emt 00:00:22]} h5 {[%clk
00:14:38]} {[%emt 00:00:21]} 32. Rd7 {[%clk 00:16:47]} {[%emt 00:01:13]} Kg8
{[%clk 00:13:28]} {[%emt 00:01:39]} 33. Qxg7+ {[%clk 00:16:57]} {[%emt
00:00:20]} Qxg7 {[%clk 00:13:51]} {[%emt 00:00:06]} 34. Rxg7+ {[%clk 00:17:20]}
{[%emt 00:00:08]} Kxg7 {[%clk 00:14:15]} {[%emt 00:00:06]} 35. c6 {[%clk
00:17:44]} {[%emt 00:00:07]} hxg4 {[%clk 00:14:37]} {[%emt 00:00:08]} 36. c7
{[%clk 00:18:09]} {[%emt 00:00:06]} gxh3 {[%clk 00:14:57]} {[%emt 00:00:09]}
37. c8=Q {[%clk 00:18:26]} {[%emt 00:00:12]} h2+ {[%clk 00:15:22]} {[%emt
00:00:05]} 38. Kxh2 {[%clk 00:18:36]} {[%emt 00:00:21]} Kf6 {[%clk 00:15:51]}
39. Qe8 {[%clk 00:18:57]} {[%emt 00:00:10]} Kf5 {[%clk 00:16:16]} {[%emt
00:00:04]} 40. Qe5+ {[%clk 00:19:16]} {[%emt 00:00:11]} Kg4 {[%clk 00:16:40]}
{[%emt 00:00:06]} 41. Kg2 {[%clk 00:19:36]} {[%emt 00:00:11]} a6 {[%emt
00:00:21]} 42. Qg5# {[%emt 00:00:08]} 1-0

[Event "DEM U12w 2023"]
[Site "Willingen GER"]
[Date "2023.05.29"]
[Round "3"]
[White "Czäczine, Paula"]
[Black "Will, Elina"]
[Result "1-0"]
[Termination "normal"]
[Board "2"]
[WhiteElo "1549"]
[BlackElo "1431"]
[WhiteClock "00:18:37"]
[BlackClock "00:39:18"]
[PlyCount "120"]
[WhiteFideId "16249305"]
[BlackFideId "34623434"]
[EventCountry "GER"]
[EventRounds "9"]
[EventType "swiss"]
[EventDate "2023.05.27"]

1. e4 {[%clk 01:30:58]} {[%emt 00:14:35]} e6 {[%clk 01:30:55]} {[%emt
00:00:05]} 2. d4 {[%clk 01:31:21]} {[%emt 00:00:07]} d5 {[%clk 01:31:19]}
{[%emt 00:00:06]} 3. exd5 {[%clk 01:31:40]} {[%emt 00:00:11]} exd5 {[%clk
01:31:43]} {[%emt 00:00:06]} 4. c4 {[%clk 01:32:04]} {[%emt 00:00:05]} Nf6
{[%clk 01:32:06]} {[%emt 00:00:07]} 5. Nc3 {[%clk 01:32:14]} {[%emt 00:00:21]}
Be7 {[%clk 01:32:08]} {[%emt 00:00:28]} 6. Bd3 {[%clk 01:31:43]} {[%emt
00:01:01]} dxc4 {[%clk 01:31:46]} {[%emt 00:00:52]} 7. Bxc4 {[%clk 01:32:04]}
{[%emt 00:00:09]} c6 {[%clk 01:31:52]} {[%emt 00:00:24]} 8. Nge2 {[%clk
01:27:18]} {[%emt 00:05:16]} O-O {[%clk 01:28:01]} {[%emt 00:04:21]} 9. O-O
{[%clk 01:26:36]} {[%emt 00:01:12]} Nbd7 {[%clk 01:07:31]} {[%emt 00:21:00]}
10. Be3 {[%clk 01:21:29]} {[%emt 00:05:37]} Nb6 {[%clk 01:00:54]} {[%emt
00:07:07]} 11. Bb3 {[%clk 01:20:58]} {[%emt 00:01:00]} Re8 {[%clk 00:57:56]}
{[%emt 00:03:29]} 12. Qc2 {[%clk 01:12:36]} {[%emt 00:08:52]} Nbd5 {[%clk
00:51:16]} {[%emt 00:07:10]} 13. Nxd5 {[%clk 01:02:56]} {[%emt 00:10:09]} Nxd5
{[%clk 00:51:33]} {[%emt 00:00:14]} 14. Nc3 {[%clk 01:01:20]} {[%emt 00:02:06]}
Be6 {[%clk 00:51:19]} {[%emt 00:00:43]} 15. Nxd5 {[%clk 00:57:57]} {[%emt
00:03:55]} Bxd5 {[%clk 00:51:38]} {[%emt 00:00:10]} 16. Bxd5 {[%clk 00:57:26]}
{[%emt 00:01:01]} Qxd5 {[%clk 00:51:57]} {[%emt 00:00:10]} 17. b3 {[%clk
00:46:57]} {[%emt 00:10:59]} Bg5 {[%clk 00:40:45]} {[%emt 00:11:42]} 18. Bxg5
{[%clk 00:44:58]} {[%emt 00:02:29]} Qxg5 {[%clk 00:37:00]} {[%emt 00:04:15]}
19. Rfe1 {[%clk 00:42:26]} {[%emt 00:03:03]} Rad8 {[%clk 00:29:54]} {[%emt
00:07:35]} 20. Qc3 {[%clk 00:39:38]} {[%emt 00:03:19]} Re7 {[%clk 00:17:39]}
{[%emt 00:12:45]} 21. Rxe7 {[%clk 00:35:36]} {[%emt 00:04:32]} Qxe7 {[%clk
00:18:03]} {[%emt 00:00:06]} 22. Re1 {[%clk 00:35:19]} {[%emt 00:00:47]} Qd6
{[%clk 00:18:08]} {[%emt 00:00:25]} 23. Rd1 {[%clk 00:34:50]} {[%emt 00:00:59]}
Qd5 {[%clk 00:15:05]} {[%emt 00:03:33]} 24. Qe3 {[%clk 00:29:33]} {[%emt
00:05:46]} c5 {[%clk 00:14:59]} {[%emt 00:00:36]} 25. Re1 {[%clk 00:29:37]}
{[%emt 00:00:26]} Qe6 {[%clk 00:13:44]} {[%emt 00:01:46]} 26. Qxe6 {[%clk
00:27:20]} {[%emt 00:02:47]} fxe6 {[%clk 00:14:09]} {[%emt 00:00:04]} 27. dxc5
{[%clk 00:27:23]} {[%emt 00:00:28]} Rd2 {[%clk 00:14:19]} {[%emt 00:00:19]} 28.
g3 {[%clk 00:23:05]} {[%emt 00:04:49]} Rxa2 {[%clk 00:14:21]} {[%emt 00:00:28]}
29. Rxe6 {[%clk 00:23:20]} {[%emt 00:00:14]} Rb2 {[%clk 00:14:32]} {[%emt
00:00:20]} 30. Re3 {[%clk 00:22:54]} {[%emt 00:00:55]} Rc2 {[%clk 00:14:51]}
{[%emt 00:00:12]} 31. b4 {[%clk 00:22:37]} {[%emt 00:00:47]} Kf7 {[%clk
00:14:04]} {[%emt 00:01:17]} 32. Re4 {[%clk 00:19:56]} {[%emt 00:03:11]} Kf6
{[%clk 00:13:24]} {[%emt 00:01:09]} 33. Kg2 {[%clk 00:20:04]} {[%emt 00:00:22]}
Rc3 {[%clk 00:11:33]} {[%emt 00:02:21]} 34. h4 {[%clk 00:14:53]} {[%emt
00:05:42]} Rb3 {[%clk 00:10:25]} {[%emt 00:01:38]} 35. Kh3 {[%clk 00:12:37]}
{[%emt 00:02:45]} h5 {[%clk 00:10:34]} {[%emt 00:00:21]} 36. Kg2 {[%clk
00:10:52]} {[%emt 00:02:16]} g6 {[%clk 00:10:35]} {[%emt 00:00:29]} 37. g4
{[%clk 00:08:45]} {[%emt 00:02:37]} a6 {[%clk 00:10:05]} {[%emt 00:01:00]} 38.
gxh5 {[%clk 00:06:11]} {[%emt 00:03:03]} gxh5 {[%clk 00:10:26]} {[%emt
00:00:09]} 39. Rc4 {[%clk 00:03:03]} {[%emt 00:03:39]} Ke5 {[%clk 00:10:04]}
{[%emt 00:00:51]} 40. c6 {[%clk 00:02:32]} {[%emt 00:01:02]} bxc6 {[%clk
00:10:14]} {[%emt 00:00:20]} 41. Rxc6 {[%clk 00:02:54]} {[%emt 00:00:08]} Rxb4
{[%clk 00:10:20]} {[%emt 00:00:23]} 42. Rc5+ {[%clk 00:03:15]} {[%emt
00:00:10]} Kf4 {[%clk 00:10:22]} {[%emt 00:00:28]} 43. Rxh5 {[%clk 00:03:34]}
{[%emt 00:00:11]} Rb5 {[%clk 00:10:34]} {[%emt 00:00:18]} 44. Rh8 {[%clk
00:29:11]} {[%emt 00:04:53]} Ra5 {[%clk 00:40:51]} {[%emt 00:00:13]} 45. h5
{[%clk 00:27:23]} {[%emt 00:02:17]} Ra3 {[%clk 00:40:56]} {[%emt 00:00:25]} 46.
Rg8 {[%clk 00:26:10]} {[%emt 00:01:43]} Ra5 {[%clk 00:38:39]} {[%emt 00:02:47]}
47. h6 {[%clk 00:25:41]} {[%emt 00:00:59]} Rh5 {[%clk 00:39:00]} {[%emt
00:00:09]} 48. Rg6 {[%clk 00:24:55]} {[%emt 00:01:17]} a5 {[%clk 00:39:12]}
{[%emt 00:00:18]} 49. Ra6 {[%clk 00:24:30]} {[%emt 00:00:54]} Ke4 {[%clk
00:38:09]} {[%emt 00:01:33]} 50. Kg3 {[%clk 00:23:20]} {[%emt 00:01:41]} Kd4
{[%clk 00:38:26]} {[%emt 00:00:12]} 51. Kg4 {[%clk 00:21:52]} {[%emt 00:01:58]}
Rh2 {[%clk 00:38:31]} {[%emt 00:00:25]} 52. Rxa5 {[%clk 00:21:44]} {[%emt
00:00:38]} Rxh6 {[%clk 00:38:52]} {[%emt 00:00:09]} 53. f4 {[%clk 00:20:36]}
{[%emt 00:01:38]} Rh1 {[%clk 00:38:52]} {[%emt 00:00:29]} 54. f5 {[%clk
00:18:32]} {[%emt 00:02:35]} Rg1 {[%clk 00:38:48]} {[%emt 00:00:34]} 55. Kh5
{[%clk 00:18:45]} {[%emt 00:00:17]} Ke4 {[%clk 00:38:39]} {[%emt 00:00:39]} 56.
f6 {[%clk 00:18:15]} {[%emt 00:01:00]} Rf1 {[%clk 00:38:56]} {[%emt 00:00:13]}
57. Kg6 {[%clk 00:18:31]} {[%emt 00:00:14]} Rb1 {[%clk 00:39:09]} {[%emt
00:00:17]} 58. f7 {[%clk 00:18:04]} {[%emt 00:00:58]} Rf1 {[%clk 00:39:02]}
{[%emt 00:00:36]} 59. Kg7 {[%clk 00:18:19]} {[%emt 00:00:16]} Rg1+ {[%clk
00:39:18]} {[%emt 00:00:13]} 60. Kf6 {[%clk 00:18:37]} {[%emt 00:00:13]} Kd5
{[%emt 00:01:42]} 1-0

[Event "DEM U12w 2023"]
[Site "Willingen GER"]
[Date "2023.05.29"]
[Round "3"]
[White "Bakó, Isabella"]
[Black "Stiehler, Mara"]
[Result "1-0"]
[Termination "normal"]
[Board "3"]
[WhiteElo "1214"]
[BlackElo "1227"]
[WhiteClock "00:25:31"]
[BlackClock "00:31:24"]
[PlyCount "59"]
[WhiteFideId "16287266"]
[BlackFideId "34621199"]
[EventCountry "GER"]
[EventRounds "9"]
[EventType "swiss"]
[EventDate "2023.05.27"]

1. d4 {[%clk 01:30:56]} {[%emt 00:00:01]} Nf6 {[%clk 01:30:56]} {[%emt
00:00:05]} 2. Nf3 {[%clk 01:31:05]} {[%emt 00:00:21]} g6 {[%clk 01:31:20]}
{[%emt 00:00:06]} 3. e3 {[%clk 01:31:12]} {[%emt 00:00:23]} Bg7 {[%clk
01:31:41]} {[%emt 00:00:08]} 4. c4 {[%clk 01:30:51]} {[%emt 00:00:52]} O-O
{[%clk 01:32:02]} {[%emt 00:00:09]} 5. Be2 {[%clk 01:29:41]} {[%emt 00:01:39]}
d5 {[%clk 01:31:42]} {[%emt 00:00:50]} 6. cxd5 {[%clk 01:29:01]} {[%emt
00:01:10]} Nxd5 {[%clk 01:31:02]} {[%emt 00:01:10]} 7. e4 {[%clk 01:28:25]}
{[%emt 00:01:06]} Nb6 {[%clk 01:28:16]} {[%emt 00:03:17]} 8. Be3 {[%clk
01:17:30]} {[%emt 00:11:25]} Nc6 {[%clk 01:24:28]} {[%emt 00:04:18]} 9. Nc3
{[%clk 01:11:21]} {[%emt 00:06:39]} e5 {[%clk 01:16:56]} {[%emt 00:08:01]} 10.
d5 {[%clk 01:03:35]} {[%emt 00:08:16]} Ne7 {[%clk 01:15:50]} {[%emt 00:01:36]}
11. O-O {[%clk 01:01:18]} {[%emt 00:02:46]} f5 {[%clk 01:06:39]} {[%emt
00:09:42]} 12. Qb3 {[%clk 00:51:51]} {[%emt 00:09:57]} Kh8 {[%clk 01:05:10]}
{[%emt 00:02:00]} 13. Ng5 {[%clk 00:47:15]} {[%emt 00:05:05]} Qd7 {[%clk
00:49:44]} {[%emt 00:15:57]} 14. Ne6 {[%clk 00:43:44]} {[%emt 00:04:01]} Rf6
{[%clk 00:43:21]} {[%emt 00:06:52]} 15. Bg5 {[%clk 00:39:38]} {[%emt 00:04:36]}
Rxe6 {[%clk 00:36:54]} {[%emt 00:06:58]} 16. dxe6 {[%clk 00:39:26]} {[%emt
00:00:42]} Qxe6 {[%clk 00:36:42]} {[%emt 00:00:42]} 17. Qxe6 {[%clk 00:39:30]}
{[%emt 00:00:25]} Bxe6 {[%clk 00:36:48]} {[%emt 00:00:25]} 18. Bxe7 {[%clk
00:39:46]} {[%emt 00:00:13]} Nc4 {[%clk 00:35:43]} {[%emt 00:01:35]} 19. Bxc4
{[%clk 00:38:07]} {[%emt 00:02:09]} Bxc4 {[%clk 00:36:04]} {[%emt 00:00:10]}
20. Rfd1 {[%clk 00:37:31]} {[%emt 00:01:06]} Bh6 {[%clk 00:33:44]} {[%emt
00:02:49]} 21. Rd8+ {[%clk 00:36:08]} {[%emt 00:01:53]} Rxd8 {[%clk 00:34:10]}
{[%emt 00:00:05]} 22. Bxd8 {[%clk 00:36:30]} {[%emt 00:00:08]} c6 {[%clk
00:34:18]} {[%emt 00:00:22]} 23. exf5 {[%clk 00:35:14]} {[%emt 00:01:45]} gxf5
{[%clk 00:34:34]} {[%emt 00:00:15]} 24. Bf6+ {[%clk 00:35:15]} {[%emt
00:00:28]} Kg8 {[%clk 00:34:12]} {[%emt 00:00:52]} 25. Bxe5 {[%clk 00:35:25]}
{[%emt 00:00:20]} b5 {[%clk 00:34:10]} {[%emt 00:00:33]} 26. b3 {[%clk
00:31:14]} {[%emt 00:04:41]} Be6 {[%clk 00:32:58]} {[%emt 00:01:42]} 27. Rd1
{[%clk 00:29:58]} {[%emt 00:01:44]} Kf7 {[%clk 00:33:07]} {[%emt 00:00:22]} 28.
Ne2 {[%clk 00:27:33]} {[%emt 00:02:55]} c5 {[%clk 00:32:23]} {[%emt 00:01:14]}
29. Nf4 {[%clk 00:26:17]} {[%emt 00:01:47]} Bc8 {[%clk 00:31:24]} {[%emt
00:01:29]} 30. Rd8 {[%clk 00:25:31]} {[%emt 00:01:15]} *

[Event "DEM U12w 2023"]
[Site "Willingen GER"]
[Date "2023.05.29"]
[Round "3"]
[White "Ramakrishnan, Veda"]
[Black "Dhanasekaran Meenambigai, Diya"]
[Result "1-0"]
[Termination "normal"]
[Board "4"]
[WhiteElo "1231"]
[BlackElo "1440"]
[WhiteClock "00:25:21"]
[BlackClock "00:49:18"]
[PlyCount "91"]
[WhiteFideId "16269519"]
[BlackFideId "34611924"]
[EventCountry "GER"]
[EventRounds "9"]
[EventType "swiss"]
[EventDate "2023.05.27"]

1. d4 {[%clk 01:30:58]} {[%emt 00:17:41]} d5 {[%clk 01:30:52]} {[%emt
00:00:08]} 2. c4 {[%clk 01:31:21]} {[%emt 00:00:07]} c6 {[%clk 01:31:10]}
{[%emt 00:00:12]} 3. Nc3 {[%clk 01:31:44]} {[%emt 00:00:07]} dxc4 {[%clk
01:31:19]} {[%emt 00:00:21]} 4. e3 {[%clk 01:32:02]} {[%emt 00:00:12]} b5
{[%clk 01:30:54]} {[%emt 00:00:55]} 5. a4 {[%clk 01:32:15]} {[%emt 00:00:16]}
Bd7 {[%clk 01:29:45]} {[%emt 00:01:39]} 6. axb5 {[%clk 01:29:46]} {[%emt
00:03:00]} cxb5 {[%clk 01:29:45]} {[%emt 00:00:30]} 7. b3 {[%clk 01:21:41]}
{[%emt 00:08:35]} b4 {[%clk 01:29:07]} {[%emt 00:01:08]} 8. Na2 {[%clk
01:21:12]} {[%emt 00:00:57]} cxb3 {[%clk 01:27:18]} {[%emt 00:02:21]} 9. Qxb3
{[%clk 01:20:39]} {[%emt 00:01:02]} a5 {[%clk 01:26:36]} {[%emt 00:01:13]} 10.
Nxb4 {[%clk 01:13:57]} {[%emt 00:07:12]} a4 {[%clk 01:24:29]} {[%emt 00:02:37]}
11. Qa2 {[%clk 01:12:43]} {[%emt 00:01:44]} Nc6 {[%clk 01:21:51]} {[%emt
00:03:08]} 12. Bc4 {[%clk 01:09:38]} {[%emt 00:03:34]} e6 {[%clk 01:20:04]}
{[%emt 00:02:18]} 13. Nxc6 {[%clk 01:08:37]} {[%emt 00:01:31]} Bxc6 {[%clk
01:20:06]} {[%emt 00:00:27]} 14. f3 {[%clk 01:08:14]} {[%emt 00:00:53]} Bb4+
{[%clk 01:19:19]} {[%emt 00:01:17]} 15. Bd2 {[%clk 01:06:46]} {[%emt 00:01:59]}
Qa5 {[%clk 01:14:00]} {[%emt 00:05:48]} 16. Ne2 {[%clk 01:04:55]} {[%emt
00:02:19]} Bxd2+ {[%clk 01:13:27]} {[%emt 00:01:05]} 17. Qxd2 {[%clk 01:05:19]}
{[%emt 00:00:06]} Qxd2+ {[%clk 01:13:26]} {[%emt 00:00:32]} 18. Kxd2 {[%clk
01:05:44]} {[%emt 00:00:06]} Nf6 {[%clk 01:13:08]} {[%emt 00:00:46]} 19. Ra3
{[%clk 01:03:40]} {[%emt 00:02:34]} O-O {[%clk 01:11:35]} {[%emt 00:02:03]} 20.
Rha1 {[%clk 01:03:09]} {[%emt 00:01:01]} Ra5 {[%clk 01:10:43]} {[%emt
00:01:22]} 21. Nc3 {[%clk 01:02:13]} {[%emt 00:01:28]} Rfa8 {[%clk 01:10:39]}
{[%emt 00:00:33]} 22. Bb3 {[%clk 00:58:28]} {[%emt 00:04:14]} Nd5 {[%clk
01:10:22]} {[%emt 00:00:46]} 23. Nxd5 {[%clk 00:57:48]} {[%emt 00:01:11]} exd5
{[%clk 01:08:48]} {[%emt 00:02:04]} 24. Bc2 {[%clk 00:56:32]} {[%emt 00:01:46]}
h5 {[%clk 01:08:20]} {[%emt 00:00:58]} 25. g3 {[%clk 00:56:19]} {[%emt
00:00:44]} g5 {[%clk 01:07:49]} {[%emt 00:01:00]} 26. h4 {[%clk 00:52:07]}
{[%emt 00:04:42]} gxh4 {[%clk 01:07:03]} {[%emt 00:01:17]} 27. gxh4 {[%clk
00:52:32]} {[%emt 00:00:05]} Kg7 {[%clk 01:06:56]} {[%emt 00:00:37]} 28. f4
{[%clk 00:52:01]} {[%emt 00:01:01]} f6 {[%clk 01:06:52]} {[%emt 00:00:34]} 29.
Rg1+ {[%clk 00:51:39]} {[%emt 00:00:52]} Kh8 {[%clk 01:04:20]} {[%emt
00:03:01]} 30. Rg6 {[%clk 00:50:24]} {[%emt 00:01:45]} Rg8 {[%clk 01:00:33]}
{[%emt 00:04:18]} 31. Rxf6 {[%clk 00:39:38]} {[%emt 00:11:16]} Rg2+ {[%clk
00:59:21]} {[%emt 00:01:38]} 32. Kc3 {[%clk 00:39:18]} {[%emt 00:00:53]} Bd7
{[%clk 00:55:54]} {[%emt 00:03:57]} 33. Rh6+ {[%clk 00:38:14]} {[%emt
00:01:35]} Kg8 {[%clk 00:55:35]} {[%emt 00:00:48]} 34. Rxh5 {[%clk 00:37:46]}
{[%emt 00:00:58]} Re2 {[%clk 00:54:55]} {[%emt 00:01:10]} 35. Kb2 {[%clk
00:35:18]} {[%emt 00:02:58]} Rb5+ {[%clk 00:52:45]} {[%emt 00:02:41]} 36. Kc1
{[%clk 00:35:36]} {[%emt 00:00:12]} Rb4 {[%clk 00:51:24]} {[%emt 00:01:51]} 37.
Rxd5 {[%clk 00:33:52]} {[%emt 00:02:13]} Be6 {[%clk 00:50:54]} {[%emt
00:01:01]} 38. Rc5 {[%clk 00:30:47]} {[%emt 00:03:30]} Bb3 {[%clk 00:49:34]}
{[%emt 00:01:54]} 39. Rc3 {[%clk 00:24:40]} {[%emt 00:06:37]} Bxc2 {[%clk
00:49:12]} {[%emt 00:00:52]} 40. Rxc2 {[%clk 00:25:00]} {[%emt 00:00:10]} Re1+
{[%clk 00:49:25]} {[%emt 00:00:17]} 41. Kd2 {[%clk 00:25:03]} {[%emt 00:00:26]}
Rh1 {[%clk 00:49:33]} {[%emt 00:00:23]} 42. Kd3 {[%clk 00:24:17]} {[%emt
00:01:16]} Rxh4 {[%clk 00:49:29]} {[%emt 00:00:34]} 43. Rca2 {[%clk 00:24:11]}
{[%emt 00:00:37]} Rb3+ {[%clk 00:48:55]} {[%emt 00:01:03]} 44. Rxb3 {[%clk
00:24:33]} {[%emt 00:00:09]} axb3 {[%clk 00:49:18]} {[%emt 00:00:08]} 45. Rb2
{[%clk 00:24:59]} {[%emt 00:00:03]} Kf7 {[%clk 00:49:18]} {[%emt 00:00:29]} 46.
Rxb3 {[%clk 00:25:21]} {[%emt 00:00:09]} 1-0

[Event "DEM U12w 2023"]
[Site "Willingen GER"]
[Date "2023.05.29"]
[Round "3"]
[White "John, Linnea"]
[Black "Mader, Theresa"]
[Result "1-0"]
[Termination "normal"]
[Board "5"]
[WhiteElo "1396"]
[BlackElo "1229"]
[WhiteClock "00:24:22"]
[BlackClock "00:41:01"]
[PlyCount "51"]
[WhiteFideId "34623680"]
[BlackFideId "34605657"]
[EventCountry "GER"]
[EventRounds "9"]
[EventType "swiss"]
[EventDate "2023.05.27"]

1. e4 {[%clk 01:30:58]} {[%emt 00:00:02]} c6 {[%clk 01:30:56]} {[%emt
00:00:04]} 2. d4 {[%clk 01:31:21]} {[%emt 00:00:06]} d5 {[%clk 01:31:22]}
{[%emt 00:00:03]} 3. exd5 {[%clk 01:31:47]} {[%emt 00:00:05]} cxd5 {[%clk
01:31:40]} {[%emt 00:00:12]} 4. Bd3 {[%clk 01:32:11]} {[%emt 00:00:05]} Nf6
{[%clk 01:31:37]} {[%emt 00:00:33]} 5. c3 {[%clk 01:32:23]} {[%emt 00:00:19]}
e6 {[%clk 01:31:29]} {[%emt 00:00:38]} 6. Bf4 {[%clk 01:31:47]} {[%emt
00:01:06]} Nc6 {[%clk 01:31:23]} {[%emt 00:00:36]} 7. Nf3 {[%clk 01:31:45]}
{[%emt 00:00:32]} Be7 {[%clk 01:31:15]} {[%emt 00:00:38]} 8. O-O {[%clk
01:31:22]} {[%emt 00:00:53]} O-O {[%clk 01:31:22]} {[%emt 00:00:23]} 9. Re1
{[%clk 01:31:23]} {[%emt 00:00:28]} Re8 {[%clk 01:30:58]} {[%emt 00:00:55]} 10.
Nbd2 {[%clk 01:29:51]} {[%emt 00:02:03]} Bd7 {[%clk 01:30:28]} {[%emt
00:00:59]} 11. Ne5 {[%clk 01:28:57]} {[%emt 00:01:23]} h6 {[%clk 01:27:50]}
{[%emt 00:03:08]} 12. Ndf3 {[%clk 01:28:31]} {[%emt 00:00:57]} Bc8 {[%clk
01:26:14]} {[%emt 00:02:07]} 13. Qc2 {[%clk 01:05:06]} {[%emt 00:23:55]} Bd6
{[%clk 01:16:13]} {[%emt 00:10:30]} 14. Rad1 {[%clk 01:01:44]} {[%emt
00:03:52]} Qc7 {[%clk 01:12:07]} {[%emt 00:04:36]} 15. h3 {[%clk 00:57:38]}
{[%emt 00:04:36]} Re7 {[%clk 01:07:40]} {[%emt 00:04:57]} 16. Bg3 {[%clk
00:43:29]} {[%emt 00:14:39]} Nd7 {[%clk 01:00:16]} {[%emt 00:07:54]} 17. Bh4
{[%clk 00:39:38]} {[%emt 00:04:21]} Re8 {[%emt 00:02:29]} 18. Bh7+ {[%clk
00:34:15]} {[%emt 00:05:51]} Kf8 {[%clk 00:57:32]} {[%emt 00:01:17]} 19. Nxf7
{[%clk 00:33:13]} {[%emt 00:01:32]} Kxf7 {[%clk 00:48:56]} {[%emt 00:09:06]}
20. Bg6+ {[%clk 00:32:52]} {[%emt 00:00:51]} Kf8 {[%clk 00:48:18]} {[%emt
00:01:08]} 21. Bxe8 {[%clk 00:32:40]} {[%emt 00:00:42]} Kxe8 {[%clk 00:47:31]}
{[%emt 00:01:17]} 22. Qg6+ {[%clk 00:29:05]} {[%emt 00:04:05]} Kf8 {[%clk
00:46:44]} {[%emt 00:01:17]} 23. Rxe6 {[%clk 00:28:31]} {[%emt 00:01:04]} Ne7
{[%clk 00:44:18]} {[%emt 00:02:56]} 24. Rxe7 {[%clk 00:24:15]} {[%emt
00:04:46]} Bxe7 {[%clk 00:40:46]} {[%emt 00:04:02]} 25. Bxe7+ {[%clk 00:24:22]}
{[%emt 00:00:23]} Kg8 {[%clk 00:41:01]} {[%emt 00:00:14]} 26. Re1 {[%emt
00:06:38]} 1-0